[Event "Stay Safe Play From Home 151"]
[Site "T#646137Emanuel Laske"]
[Date "2020.05.17"]
[Round "1"]
[White "Mepe_Nika"]
[Black "MartinKestler"]
[Result "1-0"]
[WhiteElo "2338"]
[BlackElo "1959"]
[Annotator "TA"]
[PlyCount "141"]
[EventDate "2020.05.17"]
[EventType "swiss (blitz)"]

{[%evp 15,140,21,43,18,35,0,19,0,79,-13,68,41,40,29,33,0,14,0,52,0,95,82,90,13,110,100,111,59,59,67,66,69,66,0,2,0,101,101,101,101,101,101,101,101,110,85,88,90,90,0,75,75,75,78,93,50,491,475,463,479,645,631,961,930,889,855,1300,1175,741,1204,1288,1173,1289,938,1339,1348,5206,1226,4934,4855,3372,1522,29962,5102,29980,29978,29975,29976,29979,29976,29980,29977,29976,3040,29981,0,29976,29977,29987,29976,29979,29980,29995,29987,29991,29992,29992,29993,29993,29993,29993,29993,29994,29994,29994,29995,29995,29996,29996,29997,29997,29998,29998,29999,29999,29999,29999]} 1. c4 e6 2. Nc3 d5 3. d4 Nf6 4. Nf3 Be7 5. Bf4 O-O 6. e3 b6 7. cxd5 exd5 8. Bd3 Bb7 9. Rc1 {D37: Queen's Gambit Declined: 5 Bf4.} Nbd7 10. Nb5 c5 11. O-O {The position is equal.} a6 (11... c4 $11 {keeps the balance.}) 12. Nc3 {[#]} (12. Nd6 $16 Bc6 13. Nf5) 12... h6 $146 (12... c4 $11 13. Bc2 Nh5) ({Predecessor:} 12... c4 13. Bb1 b5 14. a3 Re8 15. Ne5 Nxe5 16. dxe5 Ne4 17. Qc2 g6 18. Nxe4 dxe4 {1-0 (40) Julien,J (1612)-Trouve,G (1624) Cholet 2011}) 13. Bb1 Ne4 14. Nxe4 dxe4 15. Ne5 Nxe5 16. Bxe5 cxd4 (16... Re8 $11) 17. Bxd4 (17. Qxd4 $14 Bc5 18. Qc3) 17... Rc8 {[#]} (17... Bf6 $11) 18. Qg4 $1 $16 {[%csl Gd4][%cal Rg4g7][%mdl 512]} Bf6 19. Rxc8 (19. Bxe4 $16 Rxc1 20. Rxc1 Bxe4 21. Qxe4) 19... Bxc8 (19... Qxc8 $11 20. Qxc8 Rxc8) 20. Qxe4 {[%csl Gb1][%cal Re4h7]} g6 21. Bxf6 ({Better is} 21. Rd1 $16) 21... Qxf6 $14 22. Qd4 Qxd4 23. exd4 {[%mdl 4096] Endgame KRB-KRB} Be6 24. a3 (24. b3 $14) 24... Rd8 $11 25. Rd1 Bg4 (25... Bb3 $1 $11 26. Rd3 Bc4) 26. f3 $16 Be6 27. Kf2 a5 28. Ke3 Kf8 29. Be4 Ke7 30. b4 axb4 31. axb4 Rc8 32. Ra1 ({White should try} 32. d5 $16 Bd7 33. d6+ Kf6 34. Bd5) 32... Rc4 (32... Rc3+ $1 $11 {remains equal.} 33. Kd2 Rc4) 33. Ra7+ {White leaves nothing to chance now.} Kd6 34. b5 Rb4 35. Bd3 Bc4 $2 {[%mdl 8192]} (35... Bd5 $14) 36. Bxc4 $18 Rxc4 37. Rxf7 {KR-KR} Ke6 38. Rb7 Rc2 39. Rxb6+ Kf7 40. g4 Rxh2 41. Rc6 Rb2 42. b6 h5 43. gxh5 gxh5 44. Kf4 h4 45. Kg4 Rd2 46. b7 (46. Kf5 $142 Ke7 47. b7) 46... Rb2 47. Rc7+ Kf6 48. Kxh4 (48. f4 $142 Ke6 49. Rh7) 48... Rb3 49. Kg4 Kg6 50. Kf4 Kf6 51. Ke4 Ke6 52. f4 Kf6 53. f5 Rb4 54. Rc6+ (54. Kd5 $142 Rb3 55. Kc5 Rc3+ 56. Kb4 Rxc7 57. b8=Q Re7 58. Qf8+ Rf7 {[#]} 59. Qxf7+ $3 {[%mdl 512]} Kxf7 60. d5) 54... Kg5 55. Rc7 Kf6 56. Kd5 {White mates.} Kg5 57. Kd6 Kf6 58. d5 Rc4 59. Kd7 Rxc7+ 60. Kxc7 Kxf5 61. b8=Q Ke5 62. Qd8 Ke4 63. Qd6 Kf5 64. Qe6+ Kf4 65. d6 Kg3 66. d7 Kf2 67. d8=Q Kg2 68. Qd3 Kg1 69. Qe1+ Kh2 70. Qee2+ Kg1 71. Qdd1# {Accuracy: White = 63%, Black = 42%.} 1-0

[Event "Stay Safe Play From Home 151"]
[Site "T#646137Emanuel Laske"]
[Date "2020.05.17"]
[Round "1"]
[White "Lazieri3"]
[Black "Lucknow"]
[Result "1-0"]
[WhiteElo "2123"]
[BlackElo "1784"]
[Annotator "TA"]
[PlyCount "55"]
[EventDate "2020.05.17"]
[EventType "swiss (blitz)"]

{[%evp 9,55,-12,-12,-35,-41,-47,-34,-41,-21,-43,-36,-43,-45,-94,-93,-95,-35,-36,-17,-31,-6,-15,-9,-67,-51,-56,0,-24,-18,-25,7,-7,11,-22,-9,-12,0,0,0,-12,13,13,11,8,16,18,96,95]} 1. e4 c5 2. Nc3 d6 3. d3 Nf6 4. Nf3 e6 5. Bf4 Be7 6. Qd2 {B50: Sicilian: 2...d6, Miscellaneous.} Nc6 7. Be2 a6 8. O-O {Black is slightly better.} b5 9. h3 Bb7 10. a3 O-O {[#]} 11. e5 $146 ({Predecessor:} 11. Nd1 Rc8 12. c3 d5 13. e5 Nd7 14. d4 Na5 15. Bd3 Nb3 16. Qc2 Nxa1 17. Qb1 {0-1 (41) Berta,M (1000)-Ocko,M (1737) Lubovna 2013}) 11... dxe5 12. Nxe5 Nxe5 (12... Nd4 $17 13. Bg3 Nd5) 13. Bxe5 $15 Qd7 (13... Nd7 {is more complex.} 14. Bh2 Qb6 15. Qe3 Bf6 16. Bf3 Bd4) 14. Rae1 Nd5 (14... Rfd8 {feels hotter.} 15. Qg5 Ne8 16. Qe3 Nd6 17. Bg4 Rac8) 15. Nxd5 Bxd5 16. Qd1 (16. c4 $11 Bb7 17. Bc3) 16... f6 17. Bg3 e5 (17... Qc6 $15 18. Bf3 Bxf3 19. Qxf3 Qxf3 20. gxf3 Kf7) 18. Bf3 Bxf3 19. Qxf3 Qe6 20. Re2 Qf7 21. b3 Rfe8 22. Rfe1 Rad8 23. Qc6 Rd6 24. Qb7 Bf8 25. Qxf7+ Kxf7 26. f4 {[%cal Rf4e5]} Rde6 27. fxe5 fxe5 (27... Bd6 $11 {remains equal.}) 28. Rxe5 {Accuracy: White = 82%, Black = 64%.} 1-0

[Event "Stay Safe Play From Home 151"]
[Site "T#646137Emanuel Laske"]
[Date "2020.05.17"]
[Round "1"]
[White "Sfantul321"]
[Black "Indianquant"]
[Result "0-1"]
[WhiteElo "1964"]
[BlackElo "2273"]
[Annotator "NA"]
[PlyCount "100"]
[EventDate "2020.05.17"]
[EventType "swiss (blitz)"]

1. c4 {[%emt 0:00:01]} e5 {[%emt 0:00:01]} 2. Nc3 {[%emt 0:00:00]} Bb4 {[%emt 0:00:01]} 3. g3 {[%emt 0:00:00]} Bxc3 {[%emt 0:00:00]} 4. bxc3 {[%emt 0:00:01]} Nc6 {[%emt 0:00:00]} 5. Bg2 {[%emt 0:00:00]} d6 {[%emt 0:00:00]} 6. Rb1 {[%emt 0:00:01]} f5 {[%emt 0:00:03]} 7. d3 {[%emt 0:00:00]} Nf6 {[%emt 0:00:01]} 8. Bg5 {[%emt 0:00:01]} O-O {[%emt 0:00:00]} 9. Bxf6 {[%emt 0:00:01]} Qxf6 {[%emt 0:00:00]} 10. e3 {[%emt 0:00:01]} Kh8 {[%emt 0:00:02]} 11. Ne2 {[%emt 0:00:02]} Bd7 {[%emt 0:00:03]} 12. Rxb7 {[%emt 0:00:02]} Rfc8 {[%emt 0:00:01]} 13. Rb1 {[%emt 0:00:02]} Rab8 {[%emt 0:00:01]} 14. O-O {[%emt 0:00:02]} Ne7 {[%emt 0:00:01]} 15. Qc2 {[%emt 0:00:04]} Ng6 {[%emt 0:00:01]} 16. f4 {[%emt 0:00:01]} Qe7 {[%emt 0:00:02]} 17. Rb4 {[%emt 0:00:02]} Rb6 {[%emt 0:00:02]} 18. Rfb1 {[%emt 0:00:02]} Qe8 {[%emt 0:00:01]} 19. Rxb6 {[%emt 0:00:02]} axb6 {[%emt 0:00:01]} 20. Qb3 {[%emt 0:00:01]} exf4 {[%emt 0:00:03]} 21. Nxf4 {[%emt 0:00:02]} Qxe3+ {[%emt 0:00:01]} 22. Kh1 {[%emt 0:00:02]} Nxf4 {[%emt 0:00:00]} 23. gxf4 {[%emt 0:00:00]} Qxf4 {[%emt 0:00:00]} 24. Rf1 {[%emt 0:00:01]} Qe3 {[%emt 0:00:02]} 25. d4 {[%emt 0:00:01]} Re8 {[%emt 0:00:02]} 26. Qc2 {[%emt 0:00:02]} h6 {[%emt 0:00:02]} 27. c5 {[%emt 0:00:02]} bxc5 {[%emt 0:00:01]} 28. dxc5 {[%emt 0:00:01]} Qxc5 {[%emt 0:00:00]} 29. Qd3 {[%emt 0:00:01]} Re3 {[%emt 0:00:01]} 30. Qd2 {[%emt 0:00:02]} Qxc3 {[%emt 0:00:01]} 31. Qf2 {[%emt 0:00:01]} Qc5 {[%emt 0:00:02]} 32. Qh4 {[%emt 0:00:02]} Re8 {[%emt 0:00:03]} 33. Qh5 {[%emt 0:00:01]} Bc6 {[%emt 0:00:02]} 34. Bxc6 {[%emt 0:00:03]} Qxc6+ {[%emt 0:00:00]} 35. Kg1 {[%emt 0:00:00]} Qc5+ {[%emt 0:00:01]} 36. Rf2 {[%emt 0:00:04]} Re1+ {[%emt 0:00:03]} 37. Kg2 {[%emt 0:00:02]} Qd5+ {[%emt 0:00:00]} 38. Qf3 {[%emt 0:00:02]} Qxf3+ {[%emt 0:00:01]} 39. Kxf3 {[%emt 0:00:00]} Ra1 {[%emt 0:00:02]} 40. Kf4 {[%emt 0:00:01]} Kh7 {[%emt 0:00:00]} 41. Kxf5 {[%emt 0:00:01]} Rb1 {[%emt 0:00:01]} 42. Ke6 {[%emt 0:00:01]} Rb5 {[%emt 0:00:01]} 43. Kd7 {[%emt 0:00:01]} Rc5 {[%emt 0:00:00]} 44. a4 {[%emt 0:00:01]} h5 {[%emt 0:00:00]} 45. Ra2 {[%emt 0:00:01]} Kh6 {[%emt 0:00:01]} 46. a5 {[%emt 0:00:00]} Rb5 {[%emt 0:00:01]} 47. a6 {[%emt 0:00:01]} Rb8 {[%emt 0:00:00]} 48. a7 {[%emt 0:00:01]} Ra8 {[%emt 0:00:00]} 49. Kxc7 {[%emt 0:00:00]} d5 {[%emt 0:00:01]} 50. Kb7 {[%emt 0:00:00]} Rxa7+ {[%emt 0:00:00] Time (Lag: Av=0.47s, max=1.0s)} 0-1

[Event "Stay Safe Play From Home 151"]
[Site "T#646137Emanuel Laske"]
[Date "2020.05.17"]
[Round "1"]
[White "Edmatuag"]
[Black "SoulofWolf"]
[Result "0-1"]
[WhiteElo "1618"]
[BlackElo "2163"]
[Annotator "TA"]
[PlyCount "66"]
[EventDate "2020.05.17"]
[EventType "swiss (blitz)"]

{[%evp 9,65,40,66,79,101,90,118,75,67,33,85,62,76,68,57,36,44,-328,-213,-214,-225,-279,-232,-277,-274,-287,-215,-224,-213,-264,-267,-505,-508,-489,-405,-491,-491,-474,-414,-897,-617,-885,-866,-1176,-492,-1365,-1353,-1636,-1595,-2685,-2671,-2617,-2574,-29994,-29993,-29998,-29999,-29999]} 1. e4 e6 2. Nf3 a6 3. e5 b5 4. d4 d5 5. Bd3 {[#]} Ne7 $146 ({Predecessor:} 5... Bb7 6. O-O Nd7 7. a4 b4 8. c3 c5 9. dxc5 Nxc5 10. cxb4 Nxd3 11. Qxd3 Bxb4 {0-1 (30) Meier,A (2226)-Peyrer,K (2265) Playchess.com INT 2020}) 6. c3 {C00: French: Unusual White 2nd moves.} h6 7. O-O Bb7 8. Bc2 {White is better.} Nd7 9. Qd3 Nf5 (9... c5 $14) 10. Bf4 Nb6 11. b3 Qd7 12. Nbd2 g5 13. c4 $2 {[%mdl 8192] [#] This costs White the game.} (13. Be3 $1 $14 {stays ahead.}) 13... gxf4 14. c5 Nc8 15. Ne1 Rg8 16. Ndf3 h5 17. Qd2 Bh6 18. Bxf5 exf5 19. Nh4 Ne7 20. f3 $2 (20. Kh1) 20... O-O-O $19 21. Qf2 Rg7 22. Kh1 Rdg8 23. Rg1 Bc6 24. g3 (24. Nd3 $142) 24... Bg5 25. Nhg2 fxg3 26. hxg3 {[#]} Ng6 (26... f4 $142 $1 {[%cal Rd7h3]} 27. Kh2 (27. Nxf4 Bxf4) 27... fxg3+ 28. Qxg3 Nf5) 27. Ne3 (27. f4 $142 Be7 28. Nf3) 27... f4 28. gxf4 Nxf4 29. Qg3 Ne2 {[%mdl 64] Double Attack} 30. Qh2 Nxg1 31. Qxg1 Bf4 {[%csl Gg8][%cal Rg7g1] Black mates.} 32. Qf2 Qh3+ 33. Qh2 Qxh2# {Accuracy: White = 31%, Black = 51%.} 0-1

[Event "Stay Safe Play From Home 151"]
[Site "T#646137Emanuel Laske"]
[Date "2020.05.17"]
[Round "1"]
[White "Mandy"]
[Black "Castlingarrocco"]
[Result "0-1"]
[WhiteElo "945"]
[BlackElo "1963"]
[Annotator "TA"]
[PlyCount "46"]
[EventDate "2020.05.17"]
[EventType "swiss (blitz)"]

{[%evp 9,46,25,25,25,28,19,21,16,14,-17,29,6,40,40,44,5,56,52,85,-58,31,-29,-33,-118,-60,-61,316,-110,-60,-581,-579,-579,-575,-566,-538,-562,-554,-668,-110]} 1. d4 d6 2. Bf4 g6 3. e3 Bg7 4. Nf3 e6 5. h3 Ne7 {[#]} 6. Bc4 $146 {A41: 1 d4 d6: Tartakower System and Modern Defence.} ({Predecessor:} 6. Be2 O-O 7. O-O b6 8. c4 Bb7 9. Nc3 Nd7 10. Re1 h6 11. Bh2 e5 12. dxe5 Nxe5 13. Nxe5 dxe5 14. Qxd8 Rfxd8 {½-½ (22) Meszaros,A (2260)-To,N (2315) Kecskemet 2016}) 6... b6 7. c3 Bb7 8. Nbd2 {The position is equal.} Nd7 9. O-O a6 10. Qc2 h6 11. Bd3 O-O 12. e4 g5 ({Black should try} 12... e5 $11 13. Bg3 exd4) 13. Bg3 $14 f5 14. e5 (14. exf5 $16 Nxf5 15. Rae1) 14... f4 (14... dxe5 $15 15. dxe5 b5) 15. Bh2 (15. exd6 $14 cxd6 16. Bh2) 15... dxe5 $11 16. Nxe5 (16. dxe5 $15 Nc6 17. Be4) 16... Nxe5 (16... Bxe5 $17 17. dxe5 Nxe5 18. Bh7+ Kg7) 17. dxe5 $15 Qd5 $2 {[%mdl 8192] [#]} (17... Qe8 $15) 18. Ne4 $2 (18. Be4 $18 Qxd2 {[%mdl 64] Remove Defender} 19. Qxd2 Bxe4 20. Qd7 {[%mdl 64] Double Attack}) 18... Qxe5 19. Be2 $2 {[%mdl 8192]} ({Better is} 19. Rad1 $15) 19... Bxe4 $19 {Black is clearly winning.} 20. Bd3 Bxd3 21. Qxd3 Nd5 22. Qf3 Qf5 23. b3 e5 $2 {Accuracy: White = 30%, Black = 25%.} (23... Nxc3 $19 {is more deadly.} 24. Rac1 Nd5) 0-1

[Event "Stay Safe Play From Home 151"]
[Site "T#646137Emanuel Laske"]
[Date "2020.05.17"]
[Round "2"]
[White "Indianquant"]
[Black "Lazieri3"]
[Result "0-1"]
[WhiteElo "2278"]
[BlackElo "2127"]
[Annotator "TA"]
[PlyCount "118"]
[EventDate "2020.05.17"]
[EventType "swiss (blitz)"]

{[%evp 12,117,35,27,66,40,66,22,20,34,13,14,22,0,10,-37,-29,-62,-6,-67,-11,-9,-20,-18,0,-24,5,-31,8,0,67,-45,-45,-58,103,101,144,46,49,33,54,8,11,-27,50,-965,-902,-1221,-1209,-1480,-1314,-1330,-1216,-2391,-1246,-1459,-1328,-5002,-5002,-29991,-29987,-29991,1624,-29989,-29990,-29989,-29990,-29993,-29994,-29995,-29987,-29987,-29988,-29988,-29988,-29988,-29988,-29989,-29989,-29990,-29990,-29991,-29991,-29991,-29992,-29992,-29993,-29994,-29995,-29995,-29996,-29996,-29997,-29997,-29997,-29997,-29998,-29998,-29997,-29998,-29997,-29997,-29998,-29998,-29999,-29999,-29999,-29999]} 1. Nf3 c6 2. d4 d5 3. c4 Nf6 4. e3 Bf5 5. Nc3 e6 6. Nh4 Bg4 7. Qb3 {h3 is the strong threat.} b6 {D12: Slav Defence: 3 Nf3 Nf6 4 e3 Bf5.} 8. h3 Bh5 9. cxd5 (9. g4 $5 {[%cal Rg4h5]} Ne4 10. Nxe4 (10. gxh5 Qxh4 11. Nxe4 dxe4 $11) 10... Qxh4 11. cxd5 (11. gxh5 dxe4 12. Bd2 Be7 $11) 11... exd5 12. gxh5 Qxe4 13. Rg1 $14) 9... Nxd5 {The position is equal.} 10. Nf3 Bxf3 11. gxf3 {[#]} Be7 $146 ({Predecessor:} 11... Qf6 12. f4 Bb4 13. Bg2 O-O 14. a3 Ba5 15. O-O Nxc3 16. bxc3 Rc8 17. Bb2 Nd7 {1-0 (68) Brousek,J (2311)-Ralls,R (2101) IECC email 2003}) 12. Bd3 Nd7 13. e4 Nxc3 $1 14. bxc3 O-O (14... Nc5 $15 15. Qb1 Nxd3+ 16. Qxd3 O-O) 15. Rg1 (15. Be2 $11) 15... g6 (15... Nc5 $15 16. Qd1 Nxd3+ 17. Qxd3 g6) 16. Bh6 $11 Re8 17. Ke2 Bf8 18. Bf4 (18. Bg5 $5 {[%cal Rg5d8]} Be7 19. Bh6 $14) 18... e5 19. Be3 (19. Bg5 $5 {[%cal Rg5d8]} Be7 20. Be3 $14) 19... exd4 20. cxd4 c5 (20... Bg7 $11) 21. Rad1 ({White should play} 21. Bc4 $1 $14 Qe7 22. Bg5) 21... cxd4 $1 $15 22. Bxd4 Qh4 $2 (22... Nc5 $15 {keeps the upper hand.} 23. Bxc5 Bxc5) 23. Bc4 $16 {[%csl Gb3][%cal Rc4f7]} Ne5 24. Bxe5 (24. Rg4 $16 Qxh3 25. Bxe5 Rxe5 26. Rf4 (26. Bxf7+ Kh8 $14)) 24... Rxe5 $14 25. Bxf7+ Kh8 26. Rg4 (26. Rd7 $5 {[%cal Rf7g6]}) 26... Qxh3 27. Rd7 {[#]} Bg7 (27... Rxe4+ $1 $11 {[%mdl 512]} 28. Rxe4 (28. fxe4 Qxg4+) 28... Qxd7 29. Bxg6 Rd8) 28. Rg3 $2 {[%mdl 8192]} (28. Qd1 $14 Rf8 29. Rd8) 28... Qxd7 $19 29. Kf1 Rh5 {White must now prevent ...Qd2.} 30. Kg2 Rf8 31. Bd5 Qe7 32. Kf1 Qh4 33. Ke2 Qf4 34. Qa3 {[#]} Rxd5 $1 35. exd5 Re8+ 36. Kf1 Qc1+ $4 {[%mdl 8192]} (36... Qc4+ {and life is good for Black.} 37. Kg2 Re1 38. Rg5 Qf1+ 39. Kg3 Qg1+ 40. Kh3 Qxg5 41. Qd6 Rh1+ 42. Qh2 Qh5+ {[%mdl 64] Double Attack} 43. Kg3 Qxh2+ 44. Kg4 Qh4#) 37. Kg2 $4 {[%mdl 8192]} (37. Qxc1 $18 Rf8 38. Qc7) 37... Qxa3 {Black mates.} 38. f4 {[#]} Qd6 $1 39. Rf3 Qxd5 40. f5 Qxf3+ 41. Kxf3 gxf5 42. Kf4 Rc8 43. Kxf5 Rc2 44. Ke6 Rxa2 45. Kd5 Rxf2 46. Ke4 Rf6 47. Kd5 h5 48. Ke4 h4 49. Kd5 h3 50. Kc4 h2 51. Kb5 h1=Q 52. Ka6 Qc1 53. Kb7 b5 54. Ka8 b4 55. Kxa7 b3 56. Kb7 b2 57. Ka8 b1=Q {[%cal Rf6a6]} 58. Ka7 Rf2 {[%cal Rc1a3]} 59. Ka8 Ra2# {Accuracy: White = 31%, Black = 46%.} 0-1

[Event "Stay Safe Play From Home 151"]
[Site "T#646137Emanuel Laske"]
[Date "2020.05.17"]
[Round "2"]
[White "Haxhi Baha"]
[Black "Edmatuag"]
[Result "0-1"]
[WhiteElo "2006"]
[BlackElo "1617"]
[Annotator "TA"]
[PlyCount "86"]
[EventDate "2020.05.17"]
[EventType "swiss (blitz)"]

{[%evp 9,86,-79,-64,-168,-173,-231,-211,-232,-209,-247,-243,-327,-321,-391,-310,-351,-316,-313,-112,-166,-158,-157,0,0,0,-626,10,-104,1678,1670,1764,1466,2397,2251,3173,2834,29987,2537,2745,2473,2534,2293,2361,2073,29983,29984,29998,5365,29991,29992,29992,29993,29993,29994,29994,29994,29995,29996,29997,29995,29998,29995,29995,29996,29996,29995,29995,29995,29995,29995,29996,29995,29995,29996,29996,29995,29997,29998,29998]} 1. e4 c5 2. Nf3 f6 3. d4 cxd4 4. e5 Nc6 {[#]} 5. Bd3 $146 ({Predecessor:} 5. Nxd4 Qa5+ 6. c3 Qxe5+ 7. Qe2 Qxe2+ 8. Bxe2 Nxd4 9. cxd4 e6 10. d5 Bb4+ 11. Nc3 Bxc3+ 12. bxc3 {½-½ (41) Merlet,F (1544)-Kosic,M (1510) Ambes 2009}) 5... fxe5 {And now ...d5 would win.} 6. Qe2 {B27: Sicilian: 2 Nf3, unusual Black 2nd moves.} (6. Ng5 $15 e4 7. Nxe4) 6... d6 $19 7. h3 (7. Ng5 {was necessary.}) 7... Nf6 8. Bg5 {Black is clearly better.} g6 9. Nbd2 Bg7 10. O-O-O O-O 11. Kb1 Be6 12. g4 Qa5 13. a3 e4 $2 (13... Qb6 $19 {has better winning chances. Hoping for ...d5.} 14. Nc4 Qc5) 14. Nxe4 (14. Bxf6 $17 {keeps fighting.} exf6 15. Qxe4) 14... Nxe4 15. Bxe4 Ne5 $2 (15... Qc5 $17 {aiming for ...Bc4.} 16. Nd2 (16. Bxc6 $2 Bc4 $19) 16... Qxg5 17. Bxc6 Qf6) 16. Nxd4 $11 ({Reject} 16. Bxe7 d3 $17) 16... Nc4 {[#] Threatens to win with ...Nxb2.} 17. Nxe6 $4 {[%mdl 8192]} ({But not} 17. Bxb7 $2 Bf7 $19) (17. Bc1 $11 Bf7 18. f4) 17... Qb6 $2 (17... Qb5 $19 {[%csl Gc4,Gg7][%cal Rb5b2]} 18. Bc1 Nxa3+ {[%mdl 64] Discovered Attack} 19. Ka2 Qxe2) 18. b3 (18. Bf6 $11 Nxa3+ 19. Ka2 Bxf6 20. c3) 18... Rxf2 $2 {[%mdl 8192] This move loses the game for Black.} (18... Nxa3+ $17 19. Kc1 Rxf2) 19. Qxc4 $18 d5 20. Rxd5 Kh8 21. Nxg7 Kxg7 22. Re1 Raf8 23. Be3 (23. Bxe7 $142 R8f7 24. Rd6 Qxd6 25. Bxd6 h5 26. Be5+ R2f6 27. g5 {[%mdl 64] Pin} Rf8 28. Qc7+ {[%mdl 64] Double Attack} Kg8 29. Bxf6 Rxf6 30. gxf6 Kf8 31. Bxb7 h4 32. Qg7#) 23... Qc6 24. Bxf2 {[#] Bd4+ would kill now.} Qxc4 25. bxc4 Rxf2 26. Bd3 Rf3 27. Rxe7+ Kh6 28. Rdd7 (28. g5+ $142 Kh5 29. Rxh7#) 28... Rxh3 29. Rxh7+ {White mates.} Kg5 30. Rxh3 Kxg4 31. Re3 Kf4 32. Rde7 g5 33. R3e4+ Kf5 34. Rf7+ Kg6 35. Ree7+ Kh5 36. Bf5 {[%cal Rf7h7]} Kh4 37. Rg7 Kg3 38. Re4 Kf3 39. Rxg5 Kf2 40. Re7 Kf3 41. Bc8 Kf4 42. Rg8 Kf3 43. Rf8+ Kg3 {[%mdl 32768] Accuracy: White = 25%, Black = 44%. . Sensor Board Error (Ke4/e5)?} 0-1

[Event "Stay Safe Play From Home 151"]
[Site "T#646137Emanuel Laske"]
[Date "2020.05.17"]
[Round "2"]
[White "Castlingarrocco"]
[Black "Mepe_Nika"]
[Result "1-0"]
[WhiteElo "1963"]
[BlackElo "2341"]
[Annotator "TA"]
[PlyCount "119"]
[EventDate "2020.05.17"]
[EventType "swiss (blitz)"]

{[%evp 9,118,-7,15,-17,-12,-12,1,-20,-18,-19,31,20,22,6,6,-4,0,-5,0,-5,-1,-15,-11,-17,-13,-20,-7,-24,-28,-27,774,775,727,673,781,764,743,719,754,720,825,827,1226,1226,1287,1279,29986,29987,29987,29987,29984,29985,29992,29985,29984,29985,29987,29988,29992,29988,29982,5406,29985,29986,29986,29987,29987,29986,29986,29986,29986,29987,29991,29990,29991,29991,29991,29990,29990,29990,29993,29992,29992,29989,29989,29990,29990,29990,29990,29990,29990,29991,29991,29991,29991,29992,29992,29993,29993,29994,29994,29995,29995,29996,29999,29997,29997,29998,29998,29999,29999]} 1. d4 d5 2. e3 c6 3. f4 Nf6 4. Nf3 Bg4 5. Be2 Ne4 6. Ne5 {D00: 1 d4 d5: Unusual lines.} Bxe2 7. Qxe2 Nd7 8. O-O {The position is equal.} e6 9. Nd2 {[#]} g6 $146 (9... Ndf6 {keeps more tension.} 10. c4 Be7 11. Nxe4 Nxe4 12. b3 O-O) ({Predecessor:} 9... Ndf6 10. c4 g6 11. c5 Nxd2 12. Bxd2 Ne4 13. b4 Bg7 14. b5 Bxe5 15. fxe5 O-O {½-½ (23) Myrenfors,S-Stark,I (1757) Halmstad 2013}) 10. Nxe4 dxe4 11. Nxd7 Qxd7 12. c3 Bg7 13. b3 O-O 14. Bb2 a5 15. Rac1 {[%cal Ba1c1,Bc1c2,Bc2a2][%mdl 32]} a4 16. c4 axb3 17. axb3 f5 18. Rc2 Ra2 19. Bc3 Rfa8 $2 {[%mdl 8192] This move loses the game for Black.} (19... Rxc2 $11 20. Qxc2 b6) 20. Rxa2 $18 Rd8 21. Rd2 b6 22. Rc1 h6 23. Bb2 g5 24. g3 g4 25. Rcd1 Kf7 {[#]} 26. d5 $1 cxd5 27. cxd5 Bxb2 28. dxe6+ {[%mdl 64] Overworked Piece} Qxe6 29. Rxd8 Ba3 30. Qc4 Bc5 31. Qxe6+ Kxe6 32. Rh8 Bxe3+ 33. Kg2 h5 34. Rxh5 Bc5 35. Rc1 (35. Rh6+ $142 Ke7 36. Ra1 b5 37. Rh7+ Kd6 38. Ra6+ Bb6 39. Rxb6+ {[%mdl 64] Double Attack} Kc5 40. Rf6) 35... e3 {[#]} 36. Rxc5 $1 {White mates.} bxc5 {[%mdl 4096] Endgame KR-KP} 37. Kf1 Kd5 38. Ke2 Ke4 39. Rh8 Kd4 40. Rc8 c4 41. Rxc4+ {KR-K3P} Kd5 42. Rc3 Kd4 43. Rxe3 {KR-KPP} Kd5 44. b4 Kd4 45. b5 Kc5 {[#]} 46. b6 $1 Kxb6 47. Re5 Kc6 48. Rxf5 {KR-KP} Kd6 49. Rg5 Ke6 50. Rxg4 {KR-K} Kf5 51. Kf3 Kf6 52. h4 Kf5 53. h5 Kf6 54. h6 Kf5 55. h7 Ke6 56. h8=Q Kf5 57. Qh5+ Ke6 58. Rg6+ Kf7 59. Qh7+ Kf8 60. Rg8# {Accuracy: White = 92%, Black = 72%.} 1-0

[Event "Stay Safe Play From Home 151"]
[Site "T#646137Emanuel Laske"]
[Date "2020.05.17"]
[Round "2"]
[White "Sfantul321"]
[Black "Mandy"]
[Result "1-0"]
[WhiteElo "1960"]
[BlackElo "945"]
[Annotator "NA"]
[PlyCount "41"]
[EventDate "2020.05.17"]
[EventType "swiss (blitz)"]

1. c4 {[%emt 0:00:00]} Nf6 {[%emt 0:00:03]} 2. Nc3 {[%emt 0:00:00]} g6 {[%emt 0:00:01]} 3. g3 {[%emt 0:00:00]} Bg7 {[%emt 0:00:01]} 4. Bg2 {[%emt 0:00:00]} O-O {[%emt 0:00:01]} 5. e3 {[%emt 0:00:00]} d6 {[%emt 0:00:01]} 6. Nge2 {[%emt 0:00:00]} e5 {[%emt 0:00:01]} 7. O-O {[%emt 0:00:01]} c5 {[%emt 0:00:02]} 8. h3 {[%emt 0:00:01]} b6 {[%emt 0:00:02]} 9. Bxa8 {[%emt 0:00:02]} Bxh3 {[%emt 0:00:06]} 10. Bg2 {[%emt 0:00:01]} Bxg2 {[%emt 0:00:02]} 11. Kxg2 {[%emt 0:00:00]} Qe7 {[%emt 0:00:07]} 12. d4 {[%emt 0:00:01]} Nbd7 {[%emt 0:00:03]} 13. d5 {[%emt 0:00:01]} e4 {[%emt 0:00:05]} 14. Qc2 {[%emt 0:00:01]} Qd8 {[%emt 0:00:06]} 15. b3 {[%emt 0:00:01]} Ne5 {[%emt 0:00:01]} 16. Bb2 {[%emt 0:00:01]} Nh5 {[%emt 0:00:05]} 17. Nxe4 {[%emt 0:00:02]} f5 {[%emt 0:00:06]} 18. Nd2 {[%emt 0:00:03]} Nf6 {[%emt 0:00:02]} 19. Nf3 {[%emt 0:00:02]} Ne4 {[%emt 0:00:01]} 20. Nxe5 {[%emt 0:00:01]} Nxg3 {[%emt 0:00:04]} 21. Nxg3 {[%emt 0:00:02] Zeit (Lag: Av=0.31s, max=0.6s)} 1-0